Normal view
MARC view
- اعداد وتنسيق وتقديم مليكه، لويس كامل
Entry Personal Name
001 - CONTROL NUMBER
- control field: 34958
003 - CONTROL NUMBER IDENTIFIER
- control field: JO-AjAnu
005 - DATE AND TIME OF LATEST TRANSACTION
- control field: 20230606075842.0
008 - FIXED-LENGTH DATA ELEMENTS
- fixed length control field: 230606|| aca||aabn | a|a d
040 ## - CATALOGING SOURCE
- Original cataloging agency: JO-AjAnu
- Transcribing agency: JO-AjAnu
100 ## - HEADING--PERSONAL NAME
- Personal name: اعداد وتنسيق وتقديم مليكه، لويس كامل
670 ## - SOURCE DATA FOUND
- Source citation: Work cat.: (JO-AjAnu)17953: اعداد وتنسيق وتقديم مليكه، لويس كامل, author, قراءات في علم النفس الاجتماعي في البلاد العربية، ج1